| 000 | 00646nam a2200205Ia 4500 | ||
|---|---|---|---|
| 003 | OSt | ||
| 005 | 20251126155927.0 | ||
| 008 | 210719s2010 xx 000 0 und d | ||
| 040 | _cAL | ||
| 041 | _aKannada | ||
| 082 | _a920.4K PRAK | ||
| 100 |
_aPRABHAKARA (T N) Ed _dಪ್ರಭಾಕರ (ಟಿ ಎನ್) _9246907 |
||
| 245 |
_aK Skaushik: ondu nenapu _b ಕೆ ಎಸ್ ಕೌಶಿಕ್: ಒಂದು ನೆನಪು |
||
| 260 |
_aBengaLUru _bBharata Darshana Prakashana _c2010 |
||
| 300 | _a132 | ||
| 650 |
_aBiography _9246908 |
||
| 650 |
_aBiography _9246908 |
||
| 906 | _aes ; kaushik: ; Ke ; nenapu ; ondu | ||
| 942 |
_2ddc _cBK |
||
| 999 |
_c215227 _d215227 |
||